Economic organisation
Gespeichert in:
| 1. Verfasser: | |
|---|---|
| Format: | Buch |
| Sprache: | Englisch |
| Veröffentlicht: |
London
Chartered Insurance Institute
1981
|
| Ausgabe: | 1. ed. |
| Schlagworte: | |
| Tags: |
Keine Tags, Fügen Sie das erste Tag hinzu!
|
MARC
| LEADER | 00000nam a2200000 4500 | ||
|---|---|---|---|
| 001 | c001774 | ||
| 005 | 20221220103154.8 | ||
| 020 | |a 0-907325-27-8 | ||
| 041 | 0 | |a eng | |
| 044 | |a GB | ||
| 245 | 1 | 0 | |a Economic organisation |c S.R. Diacon |
| 250 | |a 1. ed. | ||
| 264 | 1 | |a London |b Chartered Insurance Institute |c 1981 | |
| 300 | |a Prer. s. | ||
| 610 | 2 | 0 | |a organizácia |
| 610 | 2 | 0 | |a priemysel |
| 610 | 2 | 0 | |a obchod |
| 610 | 2 | 0 | |a podnikanie |
| 610 | 2 | 0 | |a kapitál |
| 610 | 2 | 0 | |a hospodárstvo trhové |
| 610 | 2 | 0 | |a ceny |
| 610 | 2 | 0 | |a konkurencia |
| 610 | 2 | 0 | |a monopoly |
| 610 | 2 | 0 | |a bankovníctvo |
| 610 | 2 | 0 | |a trh kapitálový |
| 610 | 2 | 0 | |a obchod medzinárodný |
| 610 | 2 | 0 | |a sektor verejný |
| 100 | 1 | |a Diacon, S.R. | |